Aladdin becomes rich

Bibliographic Details
Main Author: Md. Israry
Format: Book
Published: Melaka : Associated educational distributors , 1997
Series:The tales of aladdin series 4
Subjects:

MARC

LEADER 00000cam a2200000 7i4500
001 0000062842
005 20160511.0
008 160511
020 |a 9679485153(set) 
020 |a 9679485196 
090 0 0 |a FT   |b ENG 
100 1 |a Md. Israry 
245 1 0 |a Aladdin becomes rich   |c Md. Israry 
260 |a Melaka :   |b Associated educational distributors ,   |c 1997 
300 |a 33pg. :   |b col. ill. 
490 1 |a The tales of aladdin series 4 
500 |a Children ages 7-9 years old (orange) 
650 0 |a Malay language   |x Readers   |x Translations into english 
999 |a 0000796699   |b Book   |c Children Collection   |e Cawangan Segamat 
999 |a 0000801117   |b Book   |c Children Collection   |e Cawangan Pontian 
999 |a 0000801120   |b Book   |c Children Collection   |e Cawangan Pontian 
999 |a 0000801129   |b Book   |c Children Collection   |e Cawangan Bandar Penawar 
999 |a 0000816469   |b Book   |c Children Collection   |e Cawangan Mersing 
999 |a 0000817295   |b Book   |c Children Collection   |e Cawangan Bandar Penawar 
999 |a 0000830581   |b Book   |c Children Collection   |e Cawangan Pontian